000 00795nam a22002777a 4500
001 BR2014004832
003 BR-BrBNA
005 20230928104453.0
007 ta
008 230509b bl.||||| |||| 00| 0 por d
040 _aBR-BrBNA
_bpor
_cBiblioteca Nacional de Agricultura
041 _a(Por)
072 _aE70
090 _ E70 BR2014004832
110 1 _aServiço de Apoio as Micro e Pequenas Empresas do Estado de São Paulo, SP (Brasil)
_99412
245 1 _aComo montar fábrica de biscoitos
_bSérie Oportunidades de Negócios
260 3 _aBrasília, DF (Brasil):
_c1993.
300 _a26 p.
500 _a10 Tables
650 _aBISCOITO
650 _aFÁBRICA
650 _aMERCADO
650 _aANÁLISE DE RISCO
909 _a202309
_bLucia
_c55
_dLucia Elande
942 _cBK
999 _c80097
_d80097